Textbook of Pathology, Genetics and Pharmacology - II (Record no. 366713)

MARC details
000 -LEADER
fixed length control field 00476nam a22001697a 4500
005 - DATE AND TIME OF LATEST TRANSACTION
control field 20250616142624.0
008 - FIXED-LENGTH DATA ELEMENTS--GENERAL INFORMATION
fixed length control field 250520b |||||||| |||| 00| 0 eng d
020 ## - INTERNATIONAL STANDARD BOOK NUMBER
International Standard Book Number 978-93-49373-44-0
041 ## - LANGUAGE CODE
Language code of text/sound track or separate title English
100 ## - MAIN ENTRY--PERSONAL NAME
Author P Krishnaraj
110 ## - MAIN ENTRY--CORPORATE NAME
Corporate name or jurisdiction name as entry element P Kavitha
245 ## - TITLE STATEMENT
Title Textbook of Pathology, Genetics and Pharmacology - II
260 ## - PUBLICATION, DISTRIBUTION, ETC.
Name of publisher, distributor, etc. EMMESS Medical publisher Pvt. Ltd.
Place of publication, distribution, etc. Bengaluru
Date of publication, distribution, etc. 2025
300 ## - PHYSICAL DESCRIPTION
Extent 748p
365 ## - TRADE PRICE
Price amount Rs. 1095.00
942 ## - ADDED ENTRY ELEMENTS (KOHA)
Koha item type Donated Book
Holdings
Withdrawn status Lost status Source of classification or shelving scheme Damaged status Not for loan Home library Current library Date acquired Net Price Bill number Full call number Barcode Date last seen Bill Date Koha item type Original Barcode
    Dewey Decimal Classification     Smt. Bakul Tambat Institute of Nursing Education Smt. Bakul Tambat Institute of Nursing Education 04/06/2025 1095.00 IK#2025-26#550 PA 616.07 KRI DB1368 BTIN-DB-1368 20/05/2025 04/06/2025 Donated Book DB1368